| 000 | 00517cam a2200193ua 4500 | ||
|---|---|---|---|
| 001 | 1916 | ||
| 005 | 20260515113425.0 | ||
| 008 | 110811n ii |||gr||||Z||||||eng | ||
| 040 | _cMAIN | ||
| 082 | _a379.5416 | ||
| 100 |
_aDewan, V. K., _q(Vijay Kr. Dewan). |
||
| 245 | 1 |
_aNorth eastern region education code _cby V. K. Dewan |
|
| 250 | _a2nd. | ||
| 260 |
_aAllahabad: _bOrient law house,985. |
||
| 300 |
_axxiv; 552p: _c23cm. |
||
| 653 | _aEducation | ||
| 653 | _aNorth eastern region education code | ||
| 942 | _cBK | ||
| 999 |
_c1790 _d1790 |
||